Deleuze : la práctica del derecho /
Guardado en:
| Autor Principal: | |
|---|---|
| Otros Autores: | , |
| Formato: | Libro |
| Idioma: | Spanish |
| Publicado: |
Ciudad Autónoma de Buenos Aires :
Editorial Jusbaires,
2015.
|
| Edición: | 1a. ed. |
| Series: | Colección El Bien Común
|
| Materias: | |
| Etiquetas: |
Agregar Etiqueta
Sin Etiquetas, Sea el primero en etiquetar este registro!
|
| LEADER | 00608nam a22001935a 4500 | ||
|---|---|---|---|
| 001 | DER.der014035 | ||
| 008 | 190911s2015####ag############000#0#spa#d | ||
| 005 | 20241106123620.0 | ||
| 245 | 1 | 0 | |a Deleuze : |b la práctica del derecho / |c Laurent de Sutter. |
| 250 | |a 1a. ed. | ||
| 260 | |a Ciudad Autónoma de Buenos Aires : |b Editorial Jusbaires, |c 2015. | ||
| 300 | |a 135 p. | ||
| 490 | 0 | |a Colección El Bien Común | |
| 020 | |a 9789873690280 | ||
| 100 | 1 | |a de Suter, Laurent. | |
| 700 | 1 | |a Dilon, Ariel, |e trad. | |
| 700 | 1 | |a Gil, Sol, |e trad. | |
| 650 | 7 | |a FILOSOFIA DEL DERECHO | |
| 859 | |a DERECHO |b BIB. DERECHO |h 340.1 |i SUT |p 009258 | ||
